| 000 | 00586nam a22001691a 4500 | ||
|---|---|---|---|
| 001 | 5729 | ||
| 003 | OSt | ||
| 005 | 20260204212026.0 | ||
| 008 | 060208s1996||||dr ||||||b||||||||||spa|| | ||
| 050 | _aRD 658.3132 R299l | ||
| 110 | _aRepública Dominicana | ||
| 245 | _aLey No. 379 que establece un nuevo régimen de jubilaciones y pensiones del estado Dominicano para los funcionarios y empleados públicos | ||
| 264 | _aSanto Domingo: Universo | ||
| 300 | _a14 p | ||
| 650 | _a1.Jubilación - Administración de personal 2.Ley No. 379 sobre Jubilaciones y PensionesÌ | ||
| 942 |
_2ddc _cBK |
||
| 999 |
_c5729 _d5729 |
||